[Event "KNSB-Beker Dutch Club Cup"]
[Site "Bussum NED"]
[Date "2011.06.02"]
[Round "1.3"]
[White "Michielsen,J"]
[Black "Nijboer,F"]
[Result "0-1"]
[WhiteElo "2338"]
[BlackElo "2538"]

1.e4 c5 2.Nf3 Nc6 3.Nc3 d6 4.d4 cxd4 5.Nxd4 Nf6 6.Bg5 e6 7.Qd2 a6 8.O-O-O Be7
9.f4 Nxd4 10.Qxd4 b5 11.Bxf6 gxf6 12.Be2 Rb8 13.Bf3 Qb6 14.Qd2 b4 15.Ne2 a5
16.f5 Qc5 17.Nf4 a4 18.Kb1 a3 19.fxe6 fxe6 20.Bh5+ Kd8 21.Bf7 Rf8 22.Nxe6+ Bxe6
23.Bxe6 Qe5 24.Qd4 Qxe6 25.Qa7 Qc8 26.Rd5 Qc7 27.Qa4 Rg8 28.g3 Rg4 29.Ra5 Qd7
30.Qb3 axb2 31.Re1 Qc6 32.Qe6 Rc8 33.Re2 Rg7 34.Rd2 Qd7 35.Qb3 Rg4 36.Qxb4 Qc6
37.Rad5 Ke8 38.a4 f5 39.Rxf5 Rxe4 40.Qb3 Qxa4 41.Qxa4+ Rxa4 42.Kxb2 Rb4+
43.Kc1 Rc5 44.Rdd5 Rxd5 45.Rxd5 Kf7 46.Kd2 Kg6 47.Kd3 h5 48.Ra5 h4 49.Ra7 Kf6
50.c3 Rg4 51.gxh4 Rxh4 52.Ra2 Ke6 53.Re2+ Kd7 54.Rf2 Kc6 55.Kd2 Bd8 56.Kd3 Bb6
57.Rg2 Rh3+  0-1

[Event "KNSB-Beker Dutch Club Cup"]
[Site "Bussum NED"]
[Date "2011.06.02"]
[Round "2.3"]
[White "Broekmeulen,Ja"]
[Black "Nijboer,F"]
[Result "0-1"]
[WhiteElo "2390"]
[BlackElo "2538"]

1.e4 c5 2.Nf3 Nc6 3.Nc3 d6 4.d4 cxd4 5.Nxd4 Nf6 6.Bg5 e6 7.Qd2 a6 8.O-O-O Be7
9.Kb1 Bd7 10.f3 Qc7 11.Be3 Nxd4 12.Bxd4 b5 13.g4 b4 14.Ne2 e5 15.Be3 Be6
16.g5 Nd7 17.Nc1 O-O 18.h4 Rfd8 19.Bh3 Nb6 20.Bxb6 Qxb6 21.f4 exf4 22.Nd3 Bxh3
23.Rxh3 d5 24.e5 Rac8 25.Nxf4 d4 26.Nd3 a5 27.h5 a4 28.g6 fxg6 29.hxg6 Qxg6
30.Nf4 Qf5 31.Rh5 Bg5 32.Nd3 Bxd2 33.Rxf5 Be3 34.Nxb4 Rf8 35.Rxf8+ Rxf8 36.Nc6 g5
37.e6 Re8 38.Nxd4 Bxd4 39.Rxd4 Rxe6 40.Kc1 Kg7 41.Rxa4 h5 42.Rd4 h4 43.a4 h3
44.a5 h2 45.Rd1 g4  0-1

[Event "6th Metropolitan Invitational"]
[Site "Los Angeles USA"]
[Date "2011.06.02"]
[Round "3"]
[White "Matikozian,A"]
[Black "Wang,Ph"]
[Result "1/2-1/2"]
[WhiteElo "2458"]
[BlackElo "2350"]

1.e4 c5 2.Nf3 Nc6 3.Nc3 e6 4.Bb5 Nd4 5.O-O a6 6.Bd3 Nc6 7.Be2 Qc7 8.d4 cxd4
9.Nxd4 Nf6 10.Be3 Bb4 11.Na4 Be7 12.Nxc6 bxc6 13.Nb6 Rb8 14.Nxc8 Qxc8 15.e5 Nd5
16.Bc1 Bc5 17.Qd3 Qc7 18.Qe4 a5 19.Bd3 Ne7 20.b3 a4 21.Bb2 Qa5 22.Rad1 Nd5
23.Qg4 g6 24.Bc4 h5 25.Qe4 h4 26.h3 a3 27.Ba1 Bb4 28.Rd3 Rh5 29.Rfd1 Rc8
30.Rf3 Be7 31.Bd3 Rf5 32.c4 Nc3 33.Qe1 Bb4 34.Bxf5 Nxd1 35.Qxd1 exf5 36.Rd3 Qd8
37.Qc1 Bf8 38.c5 Qa5 39.Bd4 Rb8 40.b4 Rxb4 41.Rxa3 Ra4 42.Rxa4 Qxa4  1/2-1/2

[Event "TCh-FRA Top 12 2011"]
[Site "Mulhouse FRA"]
[Date "2011.06.02"]
[Round "8"]
[White "Milliet,S"]
[Black "Pucher,S"]
[Result "1-0"]
[WhiteElo "2388"]
[BlackElo "2227"]

1.e4 c5 2.Nc3 Nc6 3.Nf3 e5 4.Bc4 Be7 5.d3 d6 6.O-O Nf6 7.Ng5 O-O 8.f4 h6
9.Nf3 exf4 10.Bxf4 Be6 11.Nd5 Bxd5 12.Bxd5 Nxd5 13.exd5 Ne5 14.Bxe5 dxe5
15.c4 Bd6 16.Nd2 f5 17.Qh5 Qg5 18.Qxg5 hxg5 19.g4 g6 20.Nf3 b5 21.cxb5 a6
22.bxa6 Rxa6 23.Nxg5 Ra4 24.h3 Be7 25.Ne6 Rf7 26.b3 Rb4 27.Rab1 fxg4 28.a3 Rb7
29.hxg4 Rd7 30.Rxf7 Kxf7 31.Rf1+ Kg8 32.a4 Rxd5 33.a5 Rd6 34.Nxc5 Rd4 35.Ne4 Rxd3
36.a6 Rxb3 37.Ra1 Rb8 38.Ra5 Bd8 39.Rxe5 Rb1+ 40.Kg2 Rb2+ 41.Kf3 Bb6 42.Re6 Kf7
43.Rf6+ Kg7 44.Rc6 Rb4 45.a7 Rb3+ 46.Kg2 Rb2+ 47.Kh3 Rb3+ 48.Ng3  1-0

[Event "TCh-BIH 2011"]
[Site "Neum BIH"]
[Date "2011.06.04"]
[Round "1.3"]
[White "Bejtovic,J"]
[Black "Elez,S"]
[Result "1-0"]
[WhiteElo "2413"]
[BlackElo "2137"]

1.e4 c5 2.Nc3 Nc6 3.Bb5 Nd4 4.Bc4 e6 5.Nge2 Nxe2 6.Qxe2 d6 7.O-O Ne7 8.f4 Nc6
9.f5 Nd4 10.Qf2 e5 11.d3 Be7 12.a4 Bd7 13.Nd5 Bf6 14.c3 Nc6 15.Qg3 h6 16.Be3 Rc8
17.h4 Kf8 18.Nxf6 Qxf6 19.Bd5 b6 20.Qf2 Qd8 21.f6 g6 22.Qd2 h5 23.Bh6+ Ke8
24.Bg7 Rh7 25.b4 Bg4 26.b5 Nb8 27.a5 Qd7 28.axb6 axb6 29.Ra8 Qxb5 30.Ra7 Bd7
31.Qa2 c4 32.Bxc4 Rxc4 33.Qxc4 Qxc4 34.dxc4 Kd8 35.Rb1 Nc6 36.Rb7 Na5 37.R7xb6 Nxc4
38.Rb7 Be6 39.Ra1 Kc8 40.Re7 Kd8 41.Rxe6  1-0

[Event "TCh-FRA Top 12 2011"]
[Site "Mulhouse FRA"]
[Date "2011.06.05"]
[Round "11"]
[White "Milliet,S"]
[Black "Muller,Ann"]
[Result "1-0"]
[WhiteElo "2388"]
[BlackElo "2152"]

1.e4 c5 2.Nc3 Nc6 3.Nf3 d6 4.d4 cxd4 5.Nxd4 Nf6 6.Bg5 e6 7.Qd2 Be7 8.O-O-O O-O
9.f4 Nxd4 10.Qxd4 Qa5 11.Bc4 Bd7 12.e5 dxe5 13.fxe5 Bc6 14.Bd2 Nd7 15.Nd5 Qd8
16.Nxe7+ Qxe7 17.Rhe1 Rfd8 18.Qg4 Nf8 19.Bd3 Qc5 20.Bb4 Qb6 21.Bd6 Rac8 22.Kb1 Bb5
23.c4 Ba4 24.Rd2 Bc6 25.h4 Rd7 26.h5 h6 27.Qf4 Qd8 28.Re3 Qg5 29.Qxg5 hxg5
30.b4 a6 31.Bc2 g6 32.Rg3 Rcd8 33.c5 b6 34.Rxg5 bxc5 35.bxc5 Kh7 36.hxg6+ Nxg6
37.Rf2 Rb7+ 38.Kc1 Kh6 39.Rg3 Kg7 40.Rh3 Rb4 41.g3 Rh8 42.Rxh8 Nxh8 43.Bd3 a5
44.Rb2 Rxb2 45.Kxb2 Ng6 46.Kc3 f6 47.Kd4  1-0

[Event "20th ICSC TCh-EUR Club"]
[Site "Liverpool ENG"]
[Date "2011.06.10"]
[Round "4"]
[White "Patackas,J"]
[Black "MacLeod,A"]
[Result "1/2-1/2"]
[WhiteElo "2006"]
[BlackElo "2010"]

1.e4 c5 2.Nc3 Nc6 3.Nf3 d6 4.d4 cxd4 5.Nxd4 Nf6 6.Be2 g6 7.O-O Bg7 8.Be3 O-O
9.Qd2 Bd7 10.f3 Re8 11.Rad1 Qc7 12.Nxc6 bxc6 13.Kh1 Be6 14.b3 Qa5 15.a4 Nd7
16.Bd4 Bxd4 17.Qxd4 Nf6 18.Qd2 Qc7 19.f4 Rad8 20.f5 Bc8 21.Qf4 Qa5 22.Rd3 Qe5
23.Qxe5 dxe5 24.fxg6 hxg6 25.h3 Rd4 26.Rfd1 Red8 27.Bf3 Be6 28.Rxd4 Rxd4
29.Rxd4 exd4 30.Ne2 c5 31.Nf4 Bc8 32.Nd3 Nd7 33.Kg1 Ba6 34.Kf2 Bxd3 35.cxd3 a5
36.Ke1 Ne5 37.Be2 Kg7 38.g3 e6 39.g4 g5 40.Kf2 Ng6 41.Kg3 Nh4 42.Bf1 Kf6
43.Be2 Ke5 44.Bf1 Ng6 45.Kf3 Nh4+ 46.Kg3 Ng6 47.Kf3 Nh4+ 48.Kg3  1/2-1/2

[Event "Portuguese Honra"]
[Site "Vila Nova de Gaia POR"]
[Date "2011.06.10"]
[Round "7.4"]
[White "Ferreira,Ana"]
[Black "Godinho Marques,Pedro"]
[Result "1-0"]
[WhiteElo "1794"]
[BlackElo "1864"]

1.e4 c5 2.Nc3 Nc6 3.Nf3 g6 4.d4 cxd4 5.Nxd4 Bg7 6.Be3 d6 7.Qd2 Nf6 8.f3 O-O
9.O-O-O Nxd4 10.Bxd4 Be6 11.Ne2 Qc7 12.Kb1 Rfc8 13.g4 Bh6 14.Qc3 Qb8 15.Qe1 b5
16.h4 Qc7 17.c3 Bg7 18.Nf4 Bxa2+ 19.Kxa2 e5 20.Be3 exf4 21.Bxf4 Ne8 22.h5 Qa5+
23.Kb1 g5 24.Bd2 Rab8 25.h6 Bf6 26.e5 Bxe5 27.Bd3 Qa4 28.Bxg5 Bxc3 29.Qe4 Qxe4
30.Bxe4 Be5 31.Bf5 Rc7 32.Be3 a5 33.f4 Bf6 34.g5 Bh8 35.Rc1 Rbb7 36.Be4 Rxc1+
37.Rxc1 Rc7 38.Bb6 Rxc1+ 39.Kxc1 a4 40.Bc6 a3 41.bxa3 Kf8 42.Bxb5 Bc3 43.a4 Bb4
44.a5 Bc5 45.Bxc5 dxc5 46.Bxe8  1-0

[Event "35th Open"]
[Site "Fourmies FRA"]
[Date "2011.06.11"]
[Round "2.21"]
[White "Ribeiro,Ro"]
[Black "Russo,B"]
[Result "1-0"]
[WhiteElo "2183"]
[BlackElo "1950"]

1.e4 c5 2.Nc3 Nc6 3.Nf3 d6 4.d4 cxd4 5.Nxd4 g6 6.Be3 Nf6 7.f3 Bg7 8.Qd2 O-O
9.O-O-O Nxd4 10.Bxd4 Be6 11.Kb1 Qc7 12.g4 Rfc8 13.h4 Qa5 14.Qg5 Qxg5 15.hxg5 Nd7
16.Bxg7 Kxg7 17.Rh4 Rc5 18.f4 Rac8 19.Bb5 Nf8 20.Bd3 a6 21.Na4 R5c6 22.f5 b5
23.Nc3 Bc4 24.Rh2 Nd7 25.Rdh1 Rh8 26.Re2 Ne5 27.Bxc4 Rxc4 28.Nd5 Nf3 29.f6+ exf6
30.gxf6+ Kf8 31.Re3 Nd2+ 32.Kc1 Nxe4 33.Rhe1 Nxf6 34.Nxf6 Kg7 35.g5 Rhc8
36.c3 b4 37.Ne8+  1-0

[Event "TCh-SLO"]
[Site "Lasko SLO"]
[Date "2011.06.11"]
[Round "8"]
[White "Borisek,J"]
[Black "Vombek,D"]
[Result "1-0"]
[WhiteElo "2540"]
[BlackElo "2327"]

1.e4 c5 2.Nf3 Nc6 3.Nc3 e5 4.Bc4 d6 5.d3 Be7 6.O-O Nf6 7.h3 O-O 8.a3 Be6
9.Nd5 Bxd5 10.exd5 Na5 11.Ba2 b6 12.c3 Ne8 13.Re1 Rc8 14.Qa4 c4 15.dxc4 Qc7
16.c5 dxc5 17.Nxe5 Bd6 18.Nd7 c4 19.Nxf8 Kxf8 20.Be3 Nf6 21.Rad1 Rd8 22.Bg5 Be5
23.Bxf6 gxf6 24.Qc2 Kg7 25.Bb1 Rh8 26.Qf5 h5 27.Re4 Qc5 28.Rxe5 fxe5 29.Qxe5+ f6
30.Qg3+ Kf8 31.Qb8+ Kg7 32.Qxa7+  1-0

[Event "20th ICSC TCh-EUR Club"]
[Site "Liverpool ENG"]
[Date "2011.06.11"]
[Round "6"]
[White "Deancovich,P"]
[Black "Salov,S"]
[Result "0-1"]
[WhiteElo "1611"]
[BlackElo "2258"]

1.e4 c5 2.Nf3 Nc6 3.Nc3 e6 4.Bc4 a6 5.a3 d6 6.d3 Nf6 7.O-O Be7 8.h3 O-O 9.Rb1 Qc7
10.Re1 Rd8 11.Bf4 Ne5 12.Ba2 b5 13.Ne2 Nxf3+ 14.gxf3 e5 15.Bh2 Qd7 16.Qd2 Qxh3
17.Ng3 Nh5 18.Nxh5 Qxh5 19.Qe2 Bg5 20.f4 Bg4 21.f3 Bxf3 22.Qf2 Bxf4 23.Bd5 Rab8
24.Ra1 g5 25.Qxf3 Qxf3 26.Bxf4 gxf4 27.Kh2 Qg3+ 28.Kh1 Kh8 29.Bxf7 Rg8 30.Re2 Qh3+
31.Rh2 Qf3+  0-1

[Event "Teplice Open"]
[Site "Teplice CZE"]
[Date "2011.06.11"]
[Round "1"]
[White "Kulhanek,T"]
[Black "Kubik,M"]
[Result "1-0"]
[WhiteElo "2378"]
[BlackElo "1889"]

1.e4 c5 2.Nc3 Nc6 3.Bb5 g6 4.Bxc6 dxc6 5.d3 Nf6 6.f4 Bg7 7.Nf3 Qb6 8.a4 a5
9.Rb1 O-O 10.Be3 Ng4 11.Bg1 Qb4 12.h3 Nf6 13.Be3 c4 14.O-O cxd3 15.cxd3 e6
16.Qc2 Rd8 17.Ne5 Nd7 18.Nxd7 Bxd7 19.e5 c5 20.b3 b6 21.Ne2 c4 22.dxc4 Rac8
23.Rfd1 Bf8 24.Kh2 Bc6 25.Nd4 Bd5 26.Nb5 Bc5 27.Bc1 Bc6 28.Ba3  1-0

[Event "DJEM U16"]
[Site "Oberhof GER"]
[Date "2011.06.12"]
[Round "1.14"]
[White "Klarner,Alexander"]
[Black "Moehn,H"]
[Result "0-1"]
[WhiteElo "1889"]
[BlackElo "2033"]

1.e4 c5 2.Nc3 Nc6 3.Bb5 Nd4 4.Bc4 e6 5.Nge2 Nf6 6.O-O a6 7.d3 d5 8.exd5 exd5
9.Bb3 Nxb3 10.axb3 d4 11.Ne4 Nxe4 12.dxe4 Be7 13.c3 Bg4 14.f3 Be6 15.cxd4 cxd4
16.Qxd4 Qxd4+ 17.Nxd4 Bc5 18.Be3 Rd8 19.Nf5 Bxe3+ 20.Nxe3 Bxb3 21.Rac1 O-O
22.Rc7 b5 23.Rc6 Rd2 24.Rf2 Rd3 25.Nd5 a5 26.Rc5 h6 27.h3 Bc4 28.Nc3 Re8
29.Rc2 Bb3 30.Re2 b4 31.Nd5 a4 32.Ra5 Kh7 33.Kh2 Rd1 34.Ne3 Ra1 35.Nc2 Bxc2
36.Rxc2 b3 37.Rc4 a3 38.Rca4 a2  0-1

[Event "ch-Queensland"]
[Site "Gold Coast AUS"]
[Date "2011.06.13"]
[Round "9"]
[White "Solomon,SJ"]
[Black "Muller,J"]
[Result "1/2-1/2"]
[WhiteElo "2385"]
[BlackElo "2025"]

1.e4 c5 2.Nf3 Nc6 3.Nc3 Nf6 4.Bb5 g6 5.O-O Bg7 6.Re1 O-O 7.Bxc6 dxc6 8.d3 Re8
9.h3 e5 10.Be3 b6 11.a3 a5 12.Rb1 a4 13.Qd2 Qd6 14.Nh2 Be6 15.f4 exf4 16.Bxf4 Qd7
17.Nf3 b5 18.Ng5 Rad8 19.Nxe6 Rxe6 20.Qf2  1/2-1/2

[Event "1st Forni Open"]
[Site "Forni di Sopra ITA"]
[Date "2011.06.14"]
[Round "4"]
[White "Smith,Bry"]
[Black "Ceschia,I"]
[Result "1-0"]
[WhiteElo "2481"]
[BlackElo "2257"]

1.e4 c5 2.Nc3 Nc6 3.Bb5 g6 4.Bxc6 bxc6 5.f4 Bg7 6.Nf3 Nf6 7.d3 O-O 8.O-O c4
9.e5 Nd5 10.Nxd5 cxd5 11.Be3 d6 12.dxc4 dxc4 13.Bd4 dxe5 14.Nxe5 Bb7 15.c3 Qc7
16.Qg4 Bd5 17.Rae1 f6 18.Nd7 f5 19.Qh4 Bxd4+ 20.cxd4 Qxd7 21.Rxe7 Qxe7 22.Qxe7 Rfe8
23.Qc5 Rad8 24.Kf2 Re4 25.g3 Bf7 26.Rd1 Rd5 27.Qxa7 h6 28.h4 g5 29.hxg5 hxg5
30.fxg5 f4 31.g6  1-0

[Event "ODEM U25-A"]
[Site "Oberhof GER"]
[Date "2011.06.14"]
[Round "4.24"]
[White "George,Tom"]
[Black "Schirra,F"]
[Result "0-1"]
[WhiteElo "1855"]
[BlackElo "1634"]

1.Nc3 c5 2.e4 Nc6 3.Nf3 d6 4.d4 cxd4 5.Nxd4 Nf6 6.f3 g6 7.Be3 Bg7 8.Qd2 O-O
9.O-O-O d5 10.Kb1 Nxd4 11.Bxd4 dxe4 12.Bxf6 Qxd2 13.Rxd2 Bxf6 14.Nxe4 Be5
15.Bc4 Bf5 16.Ng3 Bxg3 17.hxg3 h5 18.Rhd1 Rac8 19.Bb5 Rc7 20.Bd7 Bxd7 21.Rxd7 Rfc8
22.c3 e6 23.c4 Kf8 24.c5 Ke8 25.Rxc7 Rxc7 26.b4 Rd7 27.Rxd7 Kxd7 28.Kc2 Kc6
29.Kc3 Kd5 30.Kd3 e5 31.Kc3 g5 32.Kd3 f5 33.a3 a6 34.Ke3 f4+ 35.gxf4 exf4+
36.Kd3 g4 37.fxg4 hxg4 38.Kc3 f3 39.gxf3 g3  0-1

[Event "ODEM U25-A"]
[Site "Oberhof GER"]
[Date "2011.06.14"]
[Round "5.10"]
[White "Von Meijenfeldt,Bart"]
[Black "Nehls,B"]
[Result "1-0"]
[WhiteElo "2149"]
[BlackElo "1894"]

1.e4 c5 2.Nc3 Nc6 3.Bb5 Nd4 4.Bc4 e6 5.Nge2 Nf6 6.O-O a6 7.d3 b5 8.Bb3 Bb7
9.Bg5 Be7 10.Nxd4 cxd4 11.Ne2 Qb6 12.Rb1 h6 13.Bf4 O-O 14.Be5 Ng4 15.Bxd4 Qc7
16.g3 f5 17.f3 Ne5 18.Nf4 Kh7 19.Qe2 Bd6 20.c3 g5 21.Ng2 Ng6 22.Bc2 Bxg3
23.hxg3 Qxg3 24.Qf2 Qh3 25.Ne1 Nf4 26.Qh2 g4 27.Qxh3 Nxh3+ 28.Kh2 h5 29.Bc5 Rf7
30.fxg4 hxg4 31.exf5 exf5 32.d4 Re8 33.Rxf5 Re2+ 34.Rf2+ Rxc2 35.Rxc2 Be4
36.Rbc1 Rf1 37.Ng2  1-0

[Event "Teplice Open"]
[Site "Teplice CZE"]
[Date "2011.06.14"]
[Round "4"]
[White "Zwardon,V"]
[Black "Mikes,J"]
[Result "0-1"]
[WhiteElo "2253"]
[BlackElo "1923"]

1.e4 c5 2.Nc3 Nc6 3.Bb5 Nd4 4.Bc4 e6 5.Nge2 Nc6 6.d4 a6 7.a4 cxd4 8.Nxd4 Bb4
9.O-O Qf6 10.Nce2 Nge7 11.Nf3 h6 12.c3 Bc5 13.Bf4 e5 14.Be3 d6 15.b4 Ba7
16.b5 Nd8 17.Bxa7 Rxa7 18.Qd3 Bg4 19.Rfd1 Bxf3 20.gxf3 Ne6 21.Qxd6 O-O 22.Qb6 Raa8
23.Rd3 Ng6 24.Kf1 axb5 25.Bxe6 fxe6 26.Qxb5 Nh4 27.Ng1 Qf4 28.Qd7 Rf6 29.Qxb7 Raf8
30.a5 Qxh2 31.a6 Qg2+ 32.Ke2 Nxf3 33.Nxf3 Rxf3 34.Rxf3 Qxf3+ 35.Kd2 Qxf2+
36.Kd3 Qc5 37.Kc2 Qc4 38.Qb6 Rf3 39.Ra3 Qxe4+ 40.Kb2 Rf1 41.Qxe6+ Kh7 42.Ra2 Rf6
43.Qb3 Qe3 44.Qc2+ e4 45.Ra4 Rf2 46.a7 Qb6+ 47.Kc1 Rf1+  0-1

[Event "1st Forni Open"]
[Site "Forni di Sopra ITA"]
[Date "2011.06.15"]
[Round "5"]
[White "Antoniewski,R"]
[Black "Smith,Bry"]
[Result "1/2-1/2"]
[WhiteElo "2598"]
[BlackElo "2481"]

1.e4 c5 2.Nc3 Nc6 3.Bb5 Nd4 4.Bc4 a6 5.a4 g6 6.Nf3 Bg7 7.d3 e6 8.Nxd4 cxd4
9.Ne2 Ne7 10.a5 O-O 11.O-O b5 12.axb6 Qxb6 13.Bd2 Bb7 14.Ba5 Qc5 15.Bb3  1/2-1/2

[Event "7th Metropolitan IM"]
[Site "Los Angeles USA"]
[Date "2011.06.15"]
[Round "1"]
[White "Taylor,T"]
[Black "Banawa,Joe"]
[Result "1/2-1/2"]
[WhiteElo "2296"]
[BlackElo "2399"]

1.e4 c5 2.Nf3 Nc6 3.Nc3 g6 4.d4 cxd4 5.Nxd4 Bg7 6.Nb3 Nf6 7.Be2 d6 8.O-O O-O
9.Bg5 Be6 10.Kh1 Rc8 11.f4 Na5 12.e5 Nxb3 13.axb3 dxe5 14.Qxd8 Rfxd8 15.fxe5 Nd5
16.Rxa7 h6 17.Bc1 Nxc3 18.bxc3 Rxc3 19.Rxb7 Bd5 20.Rxe7 Rxc2 21.Bf3 Bxf3
22.gxf3 Rd4 23.Be3 Rd3 24.Bf4 g5 25.Bg3 h5 26.e6 h4 27.exf7+ Kf8 28.Rc7 Rxc7
29.Bxc7 Rxb3 30.f4 g4 31.Be5 Kxf7 32.Bxg7 Kxg7 33.Rg1 g3 34.hxg3 hxg3 35.Kg2 Kf6
36.Kh3 Kf5 37.Rxg3 Rxg3+ 38.Kxg3 Kf6 39.Kg4  1/2-1/2

[Event "49th National Challengers ch-IND"]
[Site "Aurangabad IND"]
[Date "2011.06.16"]
[Round "1"]
[White "Amardeep,T"]
[Black "Ashwin,J"]
[Result "0-1"]
[WhiteElo "1978"]
[BlackElo "2439"]

1.e4 c5 2.Nc3 Nc6 3.Bb5 Nd4 4.Bc4 e6 5.Nf3 Ne7 6.Nxd4 cxd4 7.Nb5 d5 8.exd5 exd5
9.Bd3 Nc6 10.Qe2+ Be6 11.Bf5 Qc8 12.Bxe6 fxe6 13.O-O a6 14.Na3 Bc5 15.c4 O-O
16.Nc2 Qd7 17.Rb1 dxc4 18.Qxc4 Rf5 19.b4 Ba7 20.f4 b5 21.Qb3 d3+ 22.Ne3 Nd4
23.Qd1 Ne2+ 24.Kh1 Bxe3 25.dxe3 Nc3 26.Qf3 Qd5 27.Qxd5 Rxd5 28.Rb2 Ne4 29.Bd2 Rc8
30.f5 exf5  0-1

[Event "49th National Challengers ch-IND"]
[Site "Aurangabad IND"]
[Date "2011.06.16"]
[Round "2"]
[White "Tiwari,Ar"]
[Black "Singh,Pr"]
[Result "1-0"]
[WhiteElo "2354"]
[BlackElo "2157"]

1.e4 c5 2.Nc3 Nc6 3.Bb5 Nd4 4.Bc4 g6 5.Nf3 Bg7 6.Nxd4 cxd4 7.Qf3 Nf6 8.e5 dxc3
9.exf6 cxd2+ 10.Bxd2 Bxf6 11.O-O-O O-O 12.h4 Qb6 13.c3 Bg7 14.h5 Qc5 15.Bb3 Qf5
16.hxg6 Qxf3 17.gxh7+ Kh8 18.gxf3 a5 19.a4 Ra6 20.Rh5 e6 21.Bc4 Ra8 22.Rg1 f5
23.Rxg7  1-0

[Event "49th National Challengers ch-IND"]
[Site "Aurangabad IND"]
[Date "2011.06.16"]
[Round "2"]
[White "Rawal,S"]
[Black "Ankit,R"]
[Result "1/2-1/2"]
[WhiteElo "2121"]
[BlackElo "2353"]

1.e4 c5 2.Nf3 Nc6 3.Nc3 g6 4.Bc4 Bg7 5.d3 d6 6.h3 e6 7.a3 Nge7 8.O-O O-O
9.Bg5 h6 10.Bd2 a6 11.Rb1 b5 12.Ba2 Bb7 13.Ne2 Kh7 14.Be3 e5 15.Nh2 f5 16.f3 Rc8
17.Be6 Rc7 18.c3 d5 19.Bxc5 Rf6 20.exd5 Nxd5 21.Bxd5 Qxd5 22.Bf2 Rd7 23.d4 Rfd6
24.Re1 exd4 25.Nxd4 Nxd4 26.Bxd4 Bxd4+ 27.cxd4 Qxd4+ 28.Qxd4 Rxd4 29.Nf1 Kg7
30.Rbc1 Kf7 31.Kf2 f4 32.Rc2 Bd5 33.Rd2 Bc4 34.Red1 Rxd2+ 35.Rxd2 Rxd2+ 36.Nxd2 Ke6
37.g3 fxg3+ 38.Kxg3 Ke5 39.h4 Bd5 40.Nb1 Bc6 41.Nc3 Kd4 42.Ne2+ Kd3 43.Nf4+ Kc2
44.b4 Kb3 45.Nxg6 Kxa3 46.Ne7 Be8 47.Nd5 Bc6 48.Nc7 Kxb4 49.Nxa6+ Kc4 50.f4 Bd7
51.Kf3 Bc8 52.Nc7 b4 53.Ke3 Bf5 54.Kd2 Kd4 55.Kc1 Bd3 56.Kb2 Bc4 57.Ne8 Bb5
58.Nd6 Bd7 59.Kb3 Kc5 60.Ne4+ Kd4 61.Nd6 Kd5 62.Nf7 h5 63.Kxb4 Ke4 64.Kc3 Kxf4  1/2-1/2

[Event "1st Forni Open"]
[Site "Forni di Sopra ITA"]
[Date "2011.06.16"]
[Round "7"]
[White "Di Paolo,R"]
[Black "Urosevic,G"]
[Result "1/2-1/2"]
[WhiteElo "2312"]
[BlackElo "2226"]

1.e4 c5 2.Nf3 Nc6 3.Nc3 d6 4.d4 cxd4 5.Nxd4 Nf6 6.Bc4 Qb6 7.Nb3 e6 8.O-O Bd7
9.a4 Be7 10.a5 Qc7 11.a6 bxa6 12.Bxa6 O-O 13.Be3 Nb4 14.f4 d5 15.e5 Ne4 16.Nxe4 dxe4
17.Rf2 Rfd8 18.Qe1 Bc6 19.Nd4 Bd5 20.Rd2 Bc5 21.c3 Nxa6  1/2-1/2

[Event "4th Karen Asrian Memorial"]
[Site "Jermuk ARM"]
[Date "2011.06.16"]
[Round "1"]
[White "Simonian,H"]
[Black "Hairapetian,A"]
[Result "1-0"]
[WhiteElo "2468"]
[BlackElo "2128"]

1.e4 c5 2.Nc3 Nc6 3.Bb5 Nd4 4.Bc4 e6 5.Nge2 Nf6 6.O-O a6 7.a4 Rb8 8.d3 b5
9.axb5 Nxb5 10.e5 Ng4 11.Bxb5 axb5 12.d4 b4 13.Ne4 Bb7 14.Bg5 Qc7 15.N2g3 h5
16.h3 cxd4 17.hxg4 h4 18.Qf3 hxg3 19.fxg3 d6 20.exd6 Qd7 21.Be7 f5 22.gxf5 exf5
23.Rae1 Bxe7 24.dxe7 d3 25.cxd3 Qd4+ 26.Rf2 fxe4 27.Qf7+  1-0

[Event "14th Iraklio's Open"]
[Site "Athens GRE"]
[Date "2011.06.17"]
[Round "7"]
[White "Nikolakopoulos,N"]
[Black "Goumas,I"]
[Result "0-1"]
[WhiteElo "2004"]
[BlackElo "2235"]

1.e4 c5 2.Nf3 Nc6 3.Nc3 d6 4.d4 cxd4 5.Nxd4 Nf6 6.Bg5 g6 7.Bxf6 exf6 8.Bc4 Bg7
9.Nde2 O-O 10.O-O f5 11.exf5 Bxf5 12.Qd2 Rc8 13.Bb3 Ne5 14.Ng3 Be6 15.Rfd1 Nc4
16.Bxc4 Rxc4 17.Nb5 Qb6 18.Nxd6 Rd4  0-1

[Event "Voronezh FIDE Open"]
[Site "Voronezh RUS"]
[Date "2011.06.17"]
[Round "6.14"]
[White "Zarivkina,V"]
[Black "Fadin,E"]
[Result "1-0"]
[WhiteElo "2059"]
[BlackElo "2161"]

1.e4 c5 2.Nc3 Nc6 3.Nf3 e6 4.g3 d6 5.Bg2 Nf6 6.O-O Be7 7.d4 cxd4 8.Nxd4 Bd7
9.Ndb5 Qb8 10.Bf4 Ne5 11.a4 a6 12.Na3 Qc7 13.h3 O-O 14.Qd2 Rfd8 15.Be3 d5
16.Bf4 dxe4 17.Qe2 Rac8 18.Nxe4 Nd5 19.Bxe5 Qxe5 20.c4 Nb4 21.b3 Bc6 22.Rad1 g6
23.f4 Qg7 24.Nb1 Rd4 25.Rxd4 Qxd4+ 26.Kh2 Rd8 27.Nbc3 f5 28.Rd1 Nd3 29.Nd5 exd5
30.Rxd3 dxe4 31.Rxd4 Rxd4 32.Qe3 Rd3 33.Qb6 Bd8 34.Qc5 Rxb3 35.Qd6 Rd3 36.Qe6+ Kg7
37.g4 Rd2 38.Kg3 Rd3+ 39.Kh2 Rd2 40.Kg3 Bxa4 41.gxf5 Bd7 42.Qe5+ Bf6 43.Qc7 gxf5
44.Qxb7  1-0

[Event "3rd Gaudeamus Cup"]
[Site "Bucharest ROU"]
[Date "2011.06.18"]
[Round "2"]
[White "Albescu,N"]
[Black "Armeanu,Ninel-Claudiu"]
[Result "0-1"]
[WhiteElo "1865"]
[BlackElo "1765"]

1.e4 c5 2.Ne2 Nc6 3.Nbc3 Nf6 4.g3 g6 5.Bg2 Bg7 6.d3 d6 7.O-O O-O 8.Kh1 a6
9.f4 Bd7 10.Be3 Qc8 11.Na4 Qc7 12.Qd2 Ng4 13.Bg1 Nd4 14.Nac3 Qa5 15.h3 Nh6
16.e5 Nhf5 17.Kh2 dxe5 18.g4 Nxe2 19.Qxe2 Nd4 20.Bxd4 cxd4 21.Nd5 e6 22.Ne7+ Kh8
23.f5 Bf6 24.fxe6 fxe6 25.b4 Qc7 26.Nxg6+ hxg6 27.Qe4 Kg7 28.g5 Bxg5 29.Qg4 Bf4+
30.Kh1 Qxc2 31.Rg1 b5 32.Rac1 Bxc1 33.Be4 g5 34.Qh5 Rf7 35.Qg6+ Kf8 36.Qh6+ Ke7
37.Bxa8 Bc6+ 38.Bxc6 Qxc6+ 39.Kh2 Bf4+ 40.Rg3 Qc2+  0-1

[Event "e2e4 Gatwick Open"]
[Site "London ENG"]
[Date "2011.06.18"]
[Round "2"]
[White "Cherniaev,A1"]
[Black "Josse,Mar"]
[Result "0-1"]
[WhiteElo "2448"]
[BlackElo "2138"]

1.e4 c5 2.Nc3 Nc6 3.Bb5 Nd4 4.Bc4 e6 5.Nge2 Nf6 6.O-O a6 7.d3 b5 8.Bb3 Nxb3
9.axb3 Bb7 10.Bg5 h6 11.Bh4 g5 12.Bg3 Nh5 13.d4 Nxg3 14.Nxg3 Qc7 15.d5 O-O-O
16.Qd3 h5 17.Rfd1 Bd6 18.Nf1 g4 19.Nxb5 axb5 20.Qxb5 h4 21.Ra5 exd5 22.exd5 g3
23.fxg3 Rdg8 24.Rda1 Qb8 25.Ne3 hxg3 26.h3 Kd8 27.Ra7 Bc8 28.Qd3 c4 29.Qd4 cxb3
30.c3 Qb5 31.R7a5 Qe2 32.Rf1 Rxh3 33.Qf6+ Kc7 34.Ra7+ Bb7  0-1

[Event "Teplice Open"]
[Site "Teplice CZE"]
[Date "2011.06.18"]
[Round "8"]
[White "Skara,V"]
[Black "Vlasak,Lu"]
[Result "1/2-1/2"]
[WhiteElo "2178"]
[BlackElo "2315"]

1.e4 c5 2.Nc3 Nc6 3.Nf3 d6 4.d4 cxd4 5.Nxd4 Nf6 6.Bg5 e6 7.f4 Qb6 8.Nb3 Qe3+
9.Qe2 Qxe2+ 10.Bxe2 Be7 11.O-O-O a6 12.Bf3 h6 13.Bh4 Rg8 14.e5 dxe5 15.Bxc6+ bxc6
16.fxe5 Nd5 17.Bxe7 Kxe7 18.Ne4 Ne3 19.Rde1 Nc4 20.Nec5 f6 21.Nd3 Rd8 22.Re2 Rd5
23.Nb4 Nxe5 24.Nxd5+ cxd5 25.Nd4 Bd7 26.Rhe1 Rc8 27.Kb1 Rc4 28.c3 Kf7 29.Kc2 Rc8
30.b3 Re8  1/2-1/2

[Event "Voronezh Master Open"]
[Site "Voronezh RUS"]
[Date "2011.06.18"]
[Round "6.38"]
[White "Tomnikova,L"]
[Black "Shibaev,F"]
[Result "1/2-1/2"]
[WhiteElo "2127"]
[BlackElo "2378"]

1.e4 c5 2.Nf3 Nc6 3.Nc3 Nf6 4.e5 Ng4 5.Qe2 d6 6.exd6 Qxd6 7.Ne4 Qd5 8.c4 Qh5
9.Nd6+ Kd8 10.Nxc8 Rxc8 11.a3 e5 12.h3 Bd6 13.Qd3 Kc7 14.Be2 e4 15.Qxe4 Nf6
16.Qc2 Rhe8 17.d3 Re7 18.O-O Rce8 19.Bd1 Qf5 20.Rb1 Nd7 21.Be3 Nde5 22.b4 Nxf3+
23.Bxf3 Nd4 24.Bxd4 Qf4 25.g3 Qxf3 26.bxc5 Be5 27.Bxe5+ Rxe5 28.d4 Re2 29.Qb3 Qxb3
30.Rxb3 Rc2 31.Rfb1 Rb8 32.Re1 Rxc4 33.Re7+ Kc6 34.Rxf7 Rxd4 35.Rxg7 h5 36.Rc3 Rf8
37.Rg6+ Kc7 38.c6 Rd2 39.Rg7+ Kb6 40.Rxb7+ Ka6 41.Rc4 Ka5 42.Rcb4 a6 43.Re7 Rf5
44.g4 hxg4 45.hxg4 Rc5 46.c7 Rc1+ 47.Kg2 Rxf2+ 48.Kxf2 Rf1+ 49.Ke3 Rf3+ 50.Ke4 Rf4+
51.Ke5 Rf5+ 52.Ke6 Re5+ 53.Kd7 Rxe7+  1/2-1/2

[Event "Baltija Cup Open A"]
[Site "Palanga LTU"]
[Date "2011.06.19"]
[Round "1.14"]
[White "Setkauskas,V"]
[Black "Miknevicius,Laurynas"]
[Result "1-0"]
[WhiteElo "2207"]
[BlackElo "1797"]

1.e4 c5 2.Nf3 Nc6 3.Nc3 g6 4.d4 cxd4 5.Nxd4 Bg7 6.Be3 Nf6 7.Bc4 O-O 8.Bb3 d6
9.f3 Bd7 10.Qd2 Rc8 11.O-O-O Ne5 12.Kb1 Nc4 13.Bxc4 Rxc4 14.g4 h5 15.gxh5 Nxh5
16.Rhg1 Qb8 17.b3 Rc7 18.Nd5 Rc5 19.Ne2 Rxd5 20.Qxd5 Be6 21.Qd2 d5 22.Nd4  1-0

[Event "Baltija Cup Open A"]
[Site "Palanga LTU"]
[Date "2011.06.19"]
[Round "1.16"]
[White "Stasans,A"]
[Black "Snezko,Marius"]
[Result "1-0"]
[WhiteElo "2167"]
[BlackElo "1772"]

1.e4 c5 2.Nf3 Nc6 3.Nc3 g6 4.d4 cxd4 5.Nxd4 Bg7 6.Be3 Nf6 7.Bc4 Qa5 8.O-O O-O
9.Bb3 d6 10.h3 Bd7 11.Re1 Rfe8 12.f4 Rad8 13.Nf3 Bc8 14.Qe2 Nd7 15.Qf2 Nc5
16.Nd4 Nxd4 17.Bxd4 Bxd4 18.Qxd4 h6 19.Bd5 e6 20.b4 Qc7 21.bxc5 dxc5 22.Qf2 exd5
23.Nxd5 Qc6 24.Rad1 Kg7 25.c4 f6 26.e5 fxe5 27.fxe5 Rf8 28.Qh4 Be6 29.Nf6 Bg8
30.Rxd8 Rxd8 31.Nh5+  1-0